ČSN 75 5402 Výstavba vodovodných potrubí Vodárenstvo

Bibliographic Details
Format: Book
Language:Undetermined
PhysicalDescription:14 s.
Published: Praha Úřad pro normalizaci a měření 1988

MARC

LEADER 00000nam a2200000 a 4500
001 vtls001270065
003 SK-MaSNL
005 20260224193909.0
008 210928s1988 xx 0 und
035 |a SNK000221137 
040 |a SNK  |b slo  |c SNK  |e AACR2 
245 1 |a ČSN 75 5402 Výstavba vodovodných potrubí  |b Vodárenstvo 
260 |a Praha  |b Úřad pro normalizaci a měření  |c 1988 
300 |a 14 s. 
958 |a OND 
999 |c 1142521  |d 1144451 
952 |t P60, <04>, [BOOK], {604}  |a SNK  |b SNK  |y PREZ  |7 0  |p 17A0027451  |o snkČSN 75 5402  |0 0  |1 0  |4 0  |d 1996-12-13  |l 0  |r 2005-01-01 00:00:00  |w 2026-02-24